000
00280nam a22001097a 4500
008
160427b xxu||||| |||| 00| 0 eng d
020
_a
9780323085496
041
_a
eng
080
_a
618.2
245
_a
Nursing diagnosis handbook:
_c
Betty J. Ackley; Gail B. Ladwig;
942
_2
udc
_c
BK
999
_c
1628
_d
1628